| 000 | 01026cam a22002652 4500 | ||
|---|---|---|---|
| 001 | 0000025458 | ||
| 005 | 20151217154546.0 | ||
| 008 | 150924s xx 000 0 eng d | ||
| 040 |
_aKABU _cKABU |
||
| 100 | 1 |
_aZimmerman, Joseph F. _@0000186106 |
|
| 245 | 1 | 0 |
_aContemporary American Federalism : _bThe growth of national power / _cby Joseph F. Zimmerman. |
| 250 | _a 2nd ed. | ||
| 260 |
_aNew York : _bSUNY, _c2008. |
||
| 300 | _a xi, 254 p. | ||
| 650 | 0 |
_aFederal government _xUnited States. _@0000186107 |
|
| 852 | 1 | _9P4500KES | |
| 852 | 1 | _9P4500KES | |
| 852 | 1 | _9P4500KES | |
| 852 | 1 | _9P4500KES | |
| 852 | 1 | _9P4500KES | |
| 852 | 1 | _9P4500KES | |
| 852 | 1 | _9P4500KES | |
| 908 | _a150924 | ||
| 950 | _@1 | ||
| 999 |
_c11720 _d11720 |
||